Prophetic questions answered / (Record no. 1905)
[ view plain ]
| 000 -LEADER | |
|---|---|
| fixed length control field | 00753nam a2200253Ki 4500 |
| 001 - CONTROL NUMBER | |
| control field | 23461 |
| 003 - CONTROL NUMBER IDENTIFIER | |
| control field | GBCCL |
| 005 - DATE AND TIME OF LATEST TRANSACTION | |
| control field | 20241126110412.0 |
| 008 - FIXED-LENGTH DATA ELEMENTS--GENERAL INFORMATION | |
| fixed length control field | 790522s1954 ilu 001 0 eng d |
| 035 ## - SYSTEM CONTROL NUMBER | |
| System control number | (OCoLC)04988865 |
| 040 ## - CATALOGING SOURCE | |
| Original cataloging agency | CDC |
| Transcribing agency | CDC |
| 049 ## - | |
| -- | LBBK |
| 082 ## - DEWEY DECIMAL CLASSIFICATION NUMBER | |
| Classification number | 236.076 |
| Item number | BRO |
| 092 ## - LOCALLY ASSIGNED DEWEY CALL NUMBER (OCLC) | |
| Classification number | 232.6 |
| Item number | P965 |
| 100 1# - MAIN ENTRY--PERSONAL NAME | |
| Personal name | Brooks, Keith L. |
| Fuller form of name | (Keith Leroy), |
| Dates associated with a name | 1888-1954. |
| 9 (RLIN) | 1660 |
| 245 10 - TITLE STATEMENT | |
| Title | Prophetic questions answered / |
| Statement of responsibility, etc. | by the editors of Prophecy Monthly ; Keith L. Brooks, editor in chief. |
| 250 ## - EDITION STATEMENT | |
| Edition statement | 3d ed. |
| 260 ## - PUBLICATION, DISTRIBUTION, ETC. | |
| Place of publication, distribution, etc. | Wheaton, Ill. : |
| Name of publisher, distributor, etc. | Van Kampen Press, |
| Date of publication, distribution, etc. | 1954. |
| 300 ## - PHYSICAL DESCRIPTION | |
| Extent | 165 p. ; |
| Dimensions | 20 cm. |
| 500 ## - GENERAL NOTE | |
| General note | Includes topical index. |
| 650 #0 - SUBJECT ADDED ENTRY--TOPICAL TERM | |
| Topical term or geographic name entry element | End of the world. |
| 9 (RLIN) | 2039 |
| 710 20 - ADDED ENTRY--CORPORATE NAME | |
| Corporate name or jurisdiction name as entry element | Prophecy monthly. |
| 9 (RLIN) | 3963 |
| 942 ## - ADDED ENTRY ELEMENTS (KOHA) | |
| Source of classification or shelving scheme | Dewey Decimal Classification |
| Koha item type | Books |
| Koha issues (borrowed), all copies | 3 |
| Withdrawn status | Lost status | Source of classification or shelving scheme | Damaged status | Not for loan | Home library | Current Library | Shelving location | Date acquired | Total checkouts | Full call number | Barcode | Date last seen | Date last checked out | Copy number | Price effective from | Koha item type |
|---|---|---|---|---|---|---|---|---|---|---|---|---|---|---|---|---|
| Dewey Decimal Classification | GRACE BIBLE COLLEGE | GRACE BIBLE COLLEGE | Theology | 2017-06-01 | 4 | 236.076 BRO | 002035 | 2025-05-01 | 2019-11-15 | c.1 | 2017-06-01 | Books |